004870000a2200145000450024500680000050000230006865000180009165000210010965000210013065000190015165100520017004100130022210000250023577300810026010aBird species at the CIPM, Tinigua National Park: a partial list a14aOrnitología14aAves migratorias14aNuevos registros14aListas de aves 4lParque Nacional Natural TiniguadMetapColombia0 aInglés1 aAlvarez R., Mauricio1 tField studies of new world monkeys La Macarena Colombia3844q33-40d1993g8